| 000 | 01073nam a2200313 a 4500 | ||
|---|---|---|---|
| 003 | BLK | ||
| 005 | 20240527141730.0 | ||
| 008 | 180410b bul|||||r ||||||| ||bul|| | ||
| 040 | _aBLK | ||
| 041 |
_aBUL _cBUL |
||
| 080 |
_aПерсоналии на дейци на партията _b329(092) _x(062) _z329(092)(062) |
||
| 100 |
_9368890 _aДушков, Живодар Иванов |
||
| 139 | _bТ 65 | ||
| 245 | 1 | 0 |
_aДо последния час _bГеорги Ангелов Токушев _h[Малотир. изд.] _cЖиводар Душков |
| 260 |
_aРусе _bОК на БКП - Русе _c1986 _9218041 |
||
| 300 |
_a53 с. _c21 см |
||
| 380 | _a3 | ||
| 500 | _aОкръжен партиен архив. | ||
| 650 | 0 |
_9317889 _aБКП - Русенски край - дейци |
|
| 653 | 7 |
_9198407 _aГеорги Токушев |
|
| 852 |
_bК _cК 32/Т 65 |
||
| 856 | 4 | _qpdf | |
| 856 | 4 | _qpdf | |
| 942 |
_cKNG _n0 _s1 |
||
| 944 |
_aCR _c2022-03-08 _k30549 _lВася Ганчева |
||
| 999 |
_c447643 _d447643 |
||
| 999 | _d447643 | ||
| 999 | _d447643 | ||
| 999 | _d447643 | ||